How to change the world : social entrepreneurs and the power of new ideas (Record no. 1653)

000 -LEADER
fixed length control field 02538cam a2200349 a 4500
001 - CONTROL NUMBER
control field 14877005
003 - CONTROL NUMBER IDENTIFIER
control field OSt
005 - DATE AND TIME OF LATEST TRANSACTION
control field 20150418115549.0
008 - FIXED-LENGTH DATA ELEMENTS--GENERAL INFORMATION
fixed length control field 070604s2007 enkab b 001 0 eng
010 ## - LIBRARY OF CONGRESS CONTROL NUMBER
LC control number 2007022907
020 ## - INTERNATIONAL STANDARD BOOK NUMBER
International Standard Book Number 9780195334760 (pbk. : alk. paper)
020 ## - INTERNATIONAL STANDARD BOOK NUMBER
International Standard Book Number 0195334760 (pbk. : alk. paper)
035 ## - SYSTEM CONTROL NUMBER
System control number (OCoLC)ocn141483455
035 ## - SYSTEM CONTROL NUMBER
System control number (OCoLC)141483455
040 ## - CATALOGING SOURCE
Original cataloging agency DLC
Transcribing agency DLC
Modifying agency YDX
-- BAKER
-- BTCTA
-- YDXCP
-- DLC
050 00 - LIBRARY OF CONGRESS CALL NUMBER
Classification number HN18.B6363 2007
082 00 - DEWEY DECIMAL CLASSIFICATION NUMBER
Classification number 361.2
Edition number 22
100 1# - MAIN ENTRY--PERSONAL NAME
Personal name Bornstein, David.
245 ## - TITLE STATEMENT
Title How to change the world : social entrepreneurs and the power of new ideas
250 ## - EDITION STATEMENT
Edition statement Updated ed.
260 ## - PUBLICATION, DISTRIBUTION, ETC. (IMPRINT)
Place of publication, distribution, etc Oxford ;
-- New York :
Name of publisher, distributor, etc Oxford University Press,
Date of publication, distribution, etc 2007.
300 ## - PHYSICAL DESCRIPTION
Extent xxi, 358 p. :
Other physical details ill., map ;
Dimensions 24 cm.
504 ## - BIBLIOGRAPHY, ETC. NOTE
Bibliography, etc Includes bibliographical references (p. 329-332) and index.
505 0# - FORMATTED CONTENTS NOTE
Formatted contents note Restless people -- From little acorns do great trees grow -- The light in my head went on : Fábio Rosa, Brazil : rural electrification -- The fixed determination of an indomitable will : Florence Nightingale, England : nursing -- A very significant force : Bill Drayton, United States : the bubble -- Why was I never told about this? -- Ten-nine-eight-childline! Jeroo Billimoria, India : child protection -- The role of the social entrepreneur -- "What sort of a mother are you?" : Erzsébet Szekeres, Hungary : assisted living for the disabled -- Are they possessed, really possessed, by an idea? -- If the world is to be put in order : Vera Cordeiro, Brazil : reforming healthcare -- In search of social excellence -- The talent is out there : J. B. Schramm, United States : college access -- New opportunities, new challenges -- Something needed to be done : Veronica Khosa, South Africa : care for AIDs patients -- Four practices of innovative organizations -- This country has to change : Javed Abidi, India : disability rights -- Six qualities of successful social entrepreneurs -- Morality must march with capacity : James Grant, United States : the child survival revolution -- Blueprint copying -- Conclusion : the emergence of the citizen sector.
650 #0 - SUBJECT ADDED ENTRY--TOPICAL TERM
Topical term or geographic name as entry element Social action
Form subdivision Case studies.
650 #0 - SUBJECT ADDED ENTRY--TOPICAL TERM
Topical term or geographic name as entry element Social service
Form subdivision Case studies.
650 #0 - SUBJECT ADDED ENTRY--TOPICAL TERM
Topical term or geographic name as entry element Social reformers
Form subdivision Case studies.
856 41 - ELECTRONIC LOCATION AND ACCESS
Materials specified Table of contents only
Uniform Resource Identifier <a href="http://www.loc.gov/catdir/toc/ecip0719/2007022907.html">http://www.loc.gov/catdir/toc/ecip0719/2007022907.html</a>
906 ## - LOCAL DATA ELEMENT F, LDF (RLIN)
a 7
b cbc
c orignew
d 1
e ecip
f 20
g y-gencatlg
942 ## - ADDED ENTRY ELEMENTS (KOHA)
Source of classification or shelving scheme
Koha item type Book
Holdings
Withdrawn status Lost status Source of classification or shelving scheme Damaged status Not for loan Home library Current library Shelving location Date acquired Total Checkouts Full call number Barcode Date last seen Copy number Price effective from Koha item type Date checked out
          Riara University Library Riara University Library General stack 18/04/2015   HN18.B6363 2007 5650/15 18/04/2015 C.1 18/04/2015 Book  
          Riara University Library Riara University Library General stack 18/04/2015   HN18.B6363 2007 5651/15 18/04/2015 C.2 18/04/2015 Book  
          Riara University Library Riara University Library General stack 18/04/2015 2 HN18.B6363 2007 5652/15 09/04/2018 C.3 18/04/2015 Book 23/03/2018

Riara University Library,
P.O. Box 49940-00100,
Nairobi, Kenya.